00956nam a22002297a 450000100040000000500170000400800410002104000290006205000080009108200110009910000200011024500330013026000470016330000380021050500060024852003880025452100260064252100170066865000100068565000160069565000150071166620230629093947.0230629b cb ||||| |||| 00| 0 eng d aFISKHbengcFISKHdFISKH aPZ7 a591.92 aRowe, Jeannette aSplash me! /cJeannette Rowe aWest Sussex :bThe Five Mile Press,c2010. a4 unnumbered pages :c15 x 17 cm. aB aA waterproof children's book that introduces the names of different sea animals. With simple text and bright and beautiful artwork these bath books are perfect for young children to enjoy. These bath books are fully waterproof so you can get them as wet as you like, they'll never get ruined! They are by the best-selling Australian preschool author and illustrator, Jeannette Rowe. a10 bLexile Estimate aB bRaz-Plus aOcean aSea Animals aWaterproof